00885nam a2200253 a 4500001001300000003000900013005001700022008004100039020001000080082001500090100002900105245008000134260004800214300000800262500003500270505002000305650003500325700002900360902000800389942000700397952010700404952010500511999001500616nice12345678IN_TiNIC20260116011758.0050524s1965 jaba grp 000 0 eng  ac10000a291.2bJAC aJacob, Chacko Pattamukil aStudy of the Logos Doctrine in the Fourth Gospel in Comparison With Paralle aJabalpurbLeonard Theological Collegec1965 a41p aincludes index and biblioraphy2 aAppendix, Index aComparative Religion-Doctrines1 aJacob, Chacko Pattamukil bRHR cBK 001040708REFaHMIbHMIcREFd2018-08-31g100.00l0o291.2 JACp05736r0000-00-00w2026-01-16yTHES 001040708REFaHMIbHMIcREFd2018-08-31g100.00l0o291.2 JACp05737r0000-00-00w2026-01-16yBK c3892d3892